Geography Quiz

Random Geography or World Quiz

Largest Rivers by Discharge Quiz Stats

 Plays Quiz not verified by Sporcle

Challenge
Share
Tweet
Embed
Score 0/10 Timer 03:00
0 Plays Today
Length (mi) River Name % Correct
4,000Amazon
98.8%
2,320Mississippi
91.6%
3,960Yangtze
71.9%
2,922Congo
65.7%
1,560Ganges
62.7%
2,779Lena
32.2%
2,484Parana
32.2%
1,330Orinoco
27.8%
1,800Brahmaputra
26.3%
3,442Yenisei
16.1%

You're not logged in!

Compare scores with friends on all Sporcle quizzes.
Join for Free
OR
Log In

You Might Also Like...

Show Comments

Extras

Top Quizzes Today


Score Distribution

Your Account Isn't Verified!

In order to create a playlist on Sporcle, you need to verify the email address you used during registration. Go to your Sporcle Settings to finish the process.

Report this User

Report this user for behavior that violates our Community Guidelines.

Details: